| 000 | 00483nam a2200169Ia 4500 | ||
|---|---|---|---|
| 005 | 20250508155315.0 | ||
| 008 | 008 250505s9999 xx 000 0 eng d | ||
| 037 | _aBooks to be hide in OPAC | ||
| 040 |
_aFEDL _beng _cFEDL |
||
| 041 |
_aeng _2eng |
||
| 084 |
_a370.58, UNE/O _qFEDL |
||
| 245 | 0 | _aInternational yearbook of education 1950 : Educational developments | |
| 260 | _c1950 | ||
| 300 | _a250p. | ||
| 942 |
_cHB _h370.58, UNE/O |
||
| 999 |
_c1355962 _d1355962 |
||